000 nam a22 7a 4500
999 _c8604
_d8604
008 180118b ||||| |||| 00| 0 eng d
100 _aRam.S.K.etal.
_94793
245 _aLearning to Communicate
260 _aNew Delhi
_bOxford
_c2004